000 01254nam a2200289 i 4500
003 CSPC
005 20260428083326.0
008 260428c2019 ph r i o00 0 eng d
022 _a2467-6004
040 _aCSPC
_beng
_cCSPC
_erda
245 0 0 _aPolicy statements october-december 2019 president Rodrigo Roa Duterte republic of the Philippines.
264 1 _aManila :
_bBureau of Communications Services, Presidential Communications Operations Office.
_c2019.
300 _aonline resource (various pages) :
_billustrations ;
_c23 cm.
336 _2rdacontent
_atext
337 _2rdamedia
_aunmediated
338 _2rdacarrier
_avolume
362 _aOctober-December 2019
504 _aIncludes bibliographical references
650 4 _aPresidents
_vMessages
_xPeriodicals.
_zPhilippines
650 4 _aPolitical speeches
_xPeriodicals.
_zPhilippines
650 4 _aGovernment policy
_xPeriodicals.
_zPhilippines
651 0 _aPhilippines
_x Politics and government
700 1 _aDuque, Ma. Florinda Princess E.,
_eeditor in chief.
710 1 _a Philippines.
_bOffice of the President
942 _2ddc
_n0
_cSERIALS
_h354.59902
_iP758
_kSER
_m2019
999 _c32417
_d32417